|
|
|
|
| LEADER |
00000cam a2200000 7i4500 |
| 001 |
0000000941 |
| 005 |
20001115.0 |
| 020 |
0 |
0 |
|a 818624722X
|
| 090 |
0 |
0 |
|a 633.58
|b INV 1999
|
| 245 |
0 |
0 |
|a INVENTORY techniques and assessment of rattan and bamboo in tropical forests :
|b Papers presented at an International Meeting of Experts at the Forest Research Institute Malaysia, 27-28 March 1995
|c edited by J. T. Williams, Nur Supardi Md. Noor and I. V. Ramanuja Rao
|
| 260 |
0 |
0 |
|a (Beijing, China :
|b International Network for Bamboo and Rattan ,
|c 1999)
|
| 300 |
|
|
|a 96 p. ;
|c 21 cm.
|
| 440 |
0 |
0 |
|a Technical report; n. 11
|
| 500 |
0 |
0 |
|a Includes bibliographical references
|
| 650 |
0 |
0 |
|a Bamboo
|
| 650 |
0 |
0 |
|a Rattan
|
| 700 |
0 |
1 |
|a NUR Supardi Md. Noor
|
| 700 |
0 |
1 |
|a Rao
|h I. V. Ramanuja
|
| 700 |
0 |
1 |
|a Williams
|h J. T.
|
| 710 |
1 |
1 |
|a Forest Research Institute Malaysia (FRIM)
|
| 710 |
1 |
1 |
|a International Network for Bamboo and Rattan (INBAR)
|
| 999 |
|
|
|a 0000002301
|b Monograph
|c Open Shelf
|e Default branch
|